| 000 | 00499nam a2200145 a 4500 | ||
|---|---|---|---|
| 008 | 120416s1988 ||||||||||||||||| || u | ||
| 020 | _a0060915218 | ||
| 050 | _aHF 6178 Pop | ||
| 100 | _aPope, Fred C | ||
| 245 | 1 | 0 | _aFifty rules to keep a client happy |
| 260 |
_aNew York _bHarper & Row _c1988 |
||
| 300 | _a90p. : ill. | ||
| 350 | _a0.00 | ||
| 995 |
_D0.00 _FCBU-MAIN LIBRARY (Kitwe) _H1 _I8.95 _M1 _UAVAILABLE _ZMain Library Open Access Collection |
||
| 999 |
_c43261 _d43261 |
||